|
|
|
|
| LEADER |
01048nam a2200265 a 4500 |
| 001 |
13313751 |
| 008 |
120520s2003 miua s001 0 eng d |
| 010 |
|
|
|a 2003276120
|
| 020 |
|
|
|a 0472088939
|
| 040 |
|
|
|a DLC
|c DLC
|d DLC
|d BD-DhAAL
|
| 082 |
0 |
0 |
|a 428.6402465
|2 22
|
| 100 |
1 |
|
|a Shulman, Myra.
|
| 245 |
1 |
0 |
|a Selected readings in business /
|c Myra Shulman.
|
| 260 |
|
|
|a Ann Arbor :
|b University of Michigan Press,
|c c2003.
|
| 250 |
|
|
|a Millennium ed.
|
| 300 |
|
|
|a xvi, 260 p. :
|b ill. ;
|c 28 cm.
|
| 490 |
|
0 |
|a Michigan series in English for academic & professional purposes
|
| 500 |
|
|
|a Includes index.
|
| 541 |
1 |
|
|e 00025167
|
| 650 |
|
0 |
|a Readers
|x Business.
|
| 650 |
|
0 |
|a English language
|x Business English.
|
| 650 |
|
0 |
|a English language
|x Textbooks for foreign speakers.
|
| 852 |
1 |
|
|a Ayesha Abed Library
|j General shelf
|
| 999 |
|
|
|c 12181
|d 12181
|
| 952 |
|
|
|0 0
|1 0
|4 0
|6 428_640246500000000_SHU
|7 0
|9 20214
|a BRACUL
|b BRACUL
|c GEN
|d 2012-05-20
|e The University of Michigan Press
|g 20.00
|l 5
|m 58
|o 428.6402465 SHU
|p 3010025167
|r 2022-04-12
|s 2020-01-18
|t 1
|w 2012-05-20
|y BK
|